MARC

LEADER 00000nam0a2200000 4500
001 292676
005 20231102000523.0
020 |a RU  |b 82-88556 
035 |a (RuTPU)RU\TPU\book\317312 
090 |a 292676 
100 |a 20150424d1982 km y0rusy5003 ca 
101 0 |a rus 
102 |a RU 
105 |a a g 001zy 
200 1 |a Материалы в криогенной технике  |e справочник  |f Ю. П. Солнцев, Г. А. Степанов 
210 |a Ленинград  |c Машиностроение  |d 1982 
215 |a 312 с.  |c ил. 
320 |a Библиогр.: с. 301-309 
606 1 |a Криогенная техника  |x Материалы  |2 stltpush  |3 (RuTPU)RU\TPU\subj\16270  |9 42403 
610 1 |a требования 
610 1 |a справочники 
610 1 |a металлические материалы 
610 1 |a деформация 
610 1 |a разрушение 
610 1 |a низкие температуры 
610 1 |a испытание 
610 1 |a механические свойства 
610 1 |a легированные стали 
610 1 |a детали 
610 1 |a алюминий 
610 1 |a алюминиевые сплавы 
610 1 |a титан 
610 1 |a титановые сплавы 
610 1 |a медь 
675 |a 621.59.002(035.5)  |z rus  |v 3 
700 1 |a Солнцев  |b Ю. П.  |g Юрий Порфирьевич  |4 070 
701 1 |a Степанов  |b Г. А.  |g Георгий Александрович  |4 070 
801 0 |a RU  |b RuMRKP  |c 19950704  |g psbo 
801 1 |a RU  |b 63413507  |c 20150424 
801 2 |a RU  |b 63413507  |c 20180406  |g RCR 
942 |c BK